000 00995cam a22002174a 4500
005 20250605164008.0
008 250528s ||||||||||||||||||||||||d
035 _a15881
020 _a321210255
040 _aGR-AtMCL
_bgre
_dGR-AtMCL
_eAACR2
245 1 _aDatabase Systems / A Practical Approach to Design, Implementation, and Management
250 _a4th
260 _bAddison-Wesley Publishing Company,
_c2005
300 _a1374
520 _aA clear introduction to design, implementation and management issues, as well as an extensive treatment of database languages and standards. Preface, Background, The Relational Model and Languages, Database Analysis and Design Techniques, Methodology, Selected Database Issues, Distributed DBMSs and Replication, Object DBMSs, Web and DBMSs, Business Intelligence, Appendices, References, Further Reading, Index.
700 1 _aBegg Carolyn
_91902
700 1 _aConnolly Thomas
_91903
942 _cBK
999 _c1429
_d1429